Studied to death (Record no. 76052)
[ view plain ]
| 000 -LEADER | |
|---|---|
| fixed length control field | 01664cab a2200229 4500 |
| 001 - CONTROL NUMBER | |
| control field | ##L131342 |
| 008 - FIXED-LENGTH DATA ELEMENTS--GENERAL INFORMATION | |
| fixed length control field | 051021n2005 000 0 eng u |
| 035 ## - SYSTEM CONTROL NUMBER | |
| System control number | (Sirsi) u131342 |
| 041 0# - LANGUAGE CODE | |
| Language code of text/sound track or separate title | eng |
| 100 1# - MAIN ENTRY--PERSONAL NAME | |
| Personal name | Allen, Becky |
| 245 00 - TITLE STATEMENT | |
| Title | Studied to death |
| 260 ## - PUBLICATION, DISTRIBUTION, ETC. | |
| Date of publication, distribution, etc. | 2005 |
| 490 ## - SERIES STATEMENT | |
| Series statement | Health and Safety Bulletin |
| Volume/sequential designation | 342 October 2005, 11-14(4) |
| 520 ## - SUMMARY, ETC. | |
| Summary, etc. | A new report The role and effectiveness of safety representatives in influencing workplace health and safety, concludes that such reps have an important part to play in improving health and safety at work but that failure to enforce the already existing legal framework often prevents them functioning properly. Studies of the chemical and construction industries show a clear correlation between effective consultation and provision on health and safety and general employment matters, with senior management commitment to occupational health and safety and worker participation being a key factor. As more legislation or government enforcement is unlikely, the report recommends that trade unions must seek to broaden their involvement, whilst employers must be persuaded that it is in their interests to show more commitment to health and safety and workers representation. |
| 590 ## - LOCAL NOTE (RLIN) | |
| Local note | IKA251005 |
| 650 24 - SUBJECT ADDED ENTRY--TOPICAL TERM | |
| Topical term or geographic name entry element | OCCUPATIONAL HEALTH AND SAFETY |
| 650 24 - SUBJECT ADDED ENTRY--TOPICAL TERM | |
| Topical term or geographic name entry element | SAFETY REPRESENTATIVES AND SAFETY COMMITTEES REGULATIONS 1977 |
| 650 24 - SUBJECT ADDED ENTRY--TOPICAL TERM | |
| Topical term or geographic name entry element | HEALTH AND SAFETY (CONSULTATION WITH EMPLOYEES) REGULATIONS 1996 |
| 650 24 - SUBJECT ADDED ENTRY--TOPICAL TERM | |
| Topical term or geographic name entry element | THE ROLE AND EFFECTIVENESS OF SAFETY REPRESENTATIVES IN INFLUENCING WORKPLACE HEALTH AND SAFETY |
| 690 ## - LOCAL SUBJECT ADDED ENTRY--TOPICAL TERM (OCLC, RLIN) | |
| Topical term or geographic name as entry element | MANAGEMENT-HEALTH AND SAFETY-PERSONAL HEALTH AND SAFETY |
| 942 ## - ADDED ENTRY ELEMENTS (KOHA) | |
| Suppress in OPAC | 0 |
| Withdrawn status | Lost status | Source of classification or shelving scheme | Damaged status | Not for loan | Home library | Current library | Shelving location | Date acquired | Total Checkouts | Full call number | Barcode | Date last seen | Copy number | Price effective from | Koha item type |
|---|---|---|---|---|---|---|---|---|---|---|---|---|---|---|---|
| Dewey Decimal Classification | London | London | Journal article | 21/10/2005 | L131342 | 131342-1001 | 06/08/2019 | 1 | 06/08/2019 | Journal article |